Annual report 2018 (Record no. 511847)

000 -LEADER
fixed length control field 00387cam a22001337a 4500
008 - FIXED-LENGTH DATA ELEMENTS--GENERAL INFORMATION
fixed length control field 180718b2012 xxu||||| |||| 00| 0 eng d
082 ## - DEWEY DECIMAL CLASSIFICATION NUMBER
Classification number A45:K782 In2/2018
100 ## - MAIN ENTRY--PERSONAL NAME
Personal name Government of India
9 (RLIN) 12191
245 ## - TITLE STATEMENT
Title Annual report 2018
Statement of responsibility, etc Central vigilance commission
260 ## - PUBLICATION, DISTRIBUTION, ETC. (IMPRINT)
Place of publication, distribution, etc New Delhi
Name of publisher, distributor, etc Cental vigilance commission
Date of publication, distribution, etc 2019
300 ## - PHYSICAL DESCRIPTION
Extent 236p.
650 ## - SUBJECT ADDED ENTRY--TOPICAL TERM
Topical term or geographic name as entry element Vigilance
9 (RLIN) 12192
942 ## - ADDED ENTRY ELEMENTS (KOHA)
Source of classification or shelving scheme
Holdings
Withdrawn status Lost status Source of classification or shelving scheme Damaged status Koha normalized classification for sorting Not for loan Permanent location Current location Date acquired Full call number Barcode Date last seen Price effective from Koha item type
        A_45K782_IN2_2018_000000000000000   Indian Institute of Public Administration Indian Institute of Public Administration 2019-10-14 A45:K782 In2/2018 GG34706 2019-10-14 2019-10-14 GG

Powered by Koha